Zborník Východoslovenského múzea v Košiciach Séria AB Prírodné vedy

Bibliographic Details
New Title:Zborník Východoslovenského múzea v Košiciach. Prírodné vedy
Previous Title:Sborník Východoslovenského múzea v Košiciach. Séria A, Geologické vedy
Sborník Východoslovenského múzea v Košiciach. Séria B, Zoológia-Botanika
Other Authors: Kipikašová, Soňa (Compiler)
Format: Serial
Language:Slovak
PhysicalDescription:6 zv. ilustr., mapy, tab. 24 cm
Published: V Košiciach Východoslovenské vydavateľstvo 1974-1979
ISSN:0862-1314
0139-8326
0454-4455
0862-1306
Subjects:

MARC

LEADER 00000cas a2200000 a 4500
001 vtls001108317
003 SK-MaSNL
005 20260228160641.0
008 150319d19731979xo ar 0 0b0slo
015 |a SNBA1978 - (17/1976)  |a SNBA1980 - (19/1978) 
022 |a 0862-1314 
035 |a SNK000051159 
040 |a SNK  |b slo  |c SNK  |e AACR2 
041 0 |a slo  |b ger  |b rus 
043 |a e-xo--- 
044 |a xo  |c SK 
072 7 |a 5  |x Prírodné vedy. Matematické vedy  |2 konspekt 
080 |a 050  |2 2001 
080 |a 5  |2 2001 
080 |a 908(437.6)  |2 2001 
080 |a (082)  |2 2001 
210 0 |a Zb. Východoslov. múz. Košiciach, Sér. AB Prír. vedy 
222 0 |a Zborník Východoslovenského múzea v Košiciach. Séria AB, Prírodné vedy 
245 0 0 |a Zborník Východoslovenského múzea v Košiciach  |n Séria AB  |p Prírodné vedy 
246 1 1 |a Acta Musei Slovaciae Regionis Orientalis Košice 
260 |a V Košiciach  |b Východoslovenské vydavateľstvo  |c 1974-1979 
300 |a 6 zv.  |b ilustr., mapy, tab.  |c 24 cm 
310 |a 1x ročne 
362 0 |a XI-XIV/A, XIII-XIV/B (1973)-XIX (1978) 
500 |a Roky 1973-1978 vydalo Východoslovenské vydavateľstvo v Košiciach pre Východoslovenské múzeum v Košiciach 
500 |a Zväzok 11-14A, 13-14B (1973) bol vydaný v r. 1974 
500 |a Zostavovateľ: XVI (1975)-XIX (1978), Soňa Kipikašová 
504 |a Bibliogr. odkazy 
546 |a Res. nem., rus. 
650 0 7 |a prírodné vedy  |2 SNKPH  |9 694 
650 0 7 |a Natural sciences  |2 SNKPHeng  |9 265288 
655 7 |a zborníky  |2 SNKPH  |9 70165 
655 7 |a Papers of several authors  |2 SNKPHeng  |9 153738 
700 1 |a Kipikašová, Soňa  |4 com  |9 231002 
752 |a Slovensko  |d Košice 
780 0 4 |t Sborník Východoslovenského múzea v Košiciach. Séria A, Geologické vedy  |x 0139-8326  |w vtls008336646 
780 0 4 |t Sborník Východoslovenského múzea v Košiciach. Séria B, Zoológia-Botanika  |x 0454-4455  |w vtls010075321 
785 0 1 |t Zborník Východoslovenského múzea v Košiciach. Prírodné vedy  |x 0862-1306  |w vtls010065329 
910 |a snk 
916 |a 1973-1978 
958 |a NB 
999 |c 3203  |d 5133 
952 |0 0  |1 0  |4 0  |7 0  |a SNK  |b SNK  |d 2012-03-16  |i snkKSP 1106/80  |l 0  |o snkČSC 1026/19/1978 D1  |p 17A7633551  |r 2026-02-21 20:23:15  |w 2026-02-21  |y PREZ 
952 |0 0  |1 0  |4 0  |7 0  |a SNK  |b SNK  |d 2002-04-22  |f 1  |i snkKSP 5939/78  |l 0  |o snkČSC 1026/AB/18/1977  |p 17A0339403  |r 2004-12-31 00:00:00  |w 2026-02-21  |y PREZ 
952 |0 0  |1 0  |4 0  |7 0  |a SNK  |b SNK  |d 2002-11-04  |l 0  |o snkČSC 1026/11-14A/11-14B/1973 D1  |p 17A0362820  |r 2004-12-31 00:00:00  |w 2026-02-21  |y PREZ 
952 |0 0  |1 0  |4 0  |7 0  |a SNK  |b SNK  |d 2003-11-06  |f 1  |i snkKSP 77/78  |l 0  |o snkČSC 1026/AB/17/1976  |p 17A0402419  |r 2004-12-31 00:00:00  |w 2026-02-21  |y PREZ 
952 |0 0  |1 0  |4 0  |7 0  |a SNK  |b SNK  |d 2003-11-06  |f 1  |i snkKSP 1105/80  |l 0  |o snkČSC 1026/AB/19/1978  |p 17A0402414  |r 2004-12-31 00:00:00  |w 2026-02-21  |y PREZ 
952 |0 0  |1 0  |4 0  |7 0  |a SNK  |b SNK  |d 2015-02-03  |f 1  |i snkKSP 2522/74  |l 0  |o snkČSC 1026/AB/11-14A-13-14B/1973  |p 17A0813201  |r 2026-02-21 20:52:40  |w 2026-02-21  |y PREZ 
952 |0 0  |1 0  |4 0  |7 0  |a SNK  |b SNK  |d 2015-02-24  |f 1  |i snkKSP 6359/76  |l 0  |o snkČSC 1026/AB/16/1975  |p 17A0813203  |r 2026-02-21 21:04:34  |w 2026-02-21  |y PREZ 
952 |0 0  |1 0  |4 0  |7 0  |a SNK  |b SNK  |d 2015-02-24  |f 1  |i snkKSP 1938/75  |l 0  |o snkČSC 1026/AB/15/1974  |p 17A0813202  |r 2026-02-21 21:04:34  |w 2026-02-21  |y PREZ 
952 |0 0  |1 0  |4 0  |7 0  |a SNK  |b SNK  |d 2017-09-19  |i snkKSP 78/78  |l 0  |o snkČSC 1026/17/1976 D1  |p 17A1152692  |r 2026-02-21 21:56:05  |w 2026-02-21  |y PREZ